000 00567nam a2200181Ia 4500
999 _c1626
_d1626
003 OSt
005 20200925100240.0
008 190216s9999||||xx |||||||||||||| ||und||
020 _a9780070532854
040 _coclc
082 _a574.870202
_bSTA/M
100 _aStansfield, William
_94977
245 0 _aMolecular And Cell Biology /
_cWilliam Stansfield ; Raul Cano ; Jaime Colome
260 _bTata Mcgrawhill Publishers,
_aNew Delhi:
_c2003.
300 _a122p
650 _aBotany
942 _cBK
_2ddc
_h574.870202
_iSTA/M
_k574.870202
_mSTA/M